000
00352nam a2200157Ia 4500
003
0STCL
008
150530s9999 xx 000 0 und d
040
_a
STCL
_c
STCL
100
_a
Charles Scriber, Jr.; Editor
245
_a
Enduring Hemingway
260
_c
1974
546
_a
English
942
_2
ddc
_c
BK
999
_c
67446
_d
67446
005
20220125171343.0